Control automático de riego por computadora CAR PC 1.0
में बचाया:
| मुख्य लेखक: | |
|---|---|
| स्वरूप: | पुस्तक |
| प्रकाशित: |
San José, Costa Rica
1994
|
| विषय: | |
| टैग: |
टैग जोड़ें
कोई टैग नहीं, इस रिकॉर्ड को टैग करने वाले पहले व्यक्ति बनें!
|
MARC
| LEADER | 00000nam a2200000Ia 4500 | ||
|---|---|---|---|
| 003 | 007572 | ||
| 005 | 20221231144257.0 | ||
| 008 | 140114s1994 cr a m 000 ||s d | ||
| 040 | |c cru CEDI | ||
| 090 | |a TFG 3222 | ||
| 100 | |a Novello Marini, Massimo |9 10947 | ||
| 245 | |a Control automático de riego por computadora CAR PC 1.0 | ||
| 260 | |c 1994 |a San José, Costa Rica | ||
| 500 | |a Proyecto de Graduación (bachillerato en ingeniería eléctrica)-- Universidad de Costa Rica. Facultad de Ingenieria. Escuela de Ingeniería Eléctrica | ||
| 650 | |x RIEGO |x CONTROL AUTOMATICO |9 10948 | ||
| 942 | |c TFG | ||
| 999 | |c 19481 |d 19481 | ||
